Estatísticas para Cultura Geral

Clique aqui para jogar o quiz

Estatísticas Gerais

  • Esse quiz foi jogado 29 vezes
  • A pontuação média é 8 de 15

Estatísticas das Respostas

HintResposta% Correto
O girassol é de que cor?Amarelo
100%
Que árvore dá a banana?Bananeira
88%
O burrito é típico de que país?México
88%
Qual é o fruto da goiabeira?Goiaba
81%
Em que país podemos encontrar a cidade de Vladivostok?Rússia
73%
Onde fica a ponte Golden Gate?São Francisco
73%
Qual é o país mais populoso da África?Nigéria
65%
Ceviche é um prato típico de que país?Peru
46%
Quem canta a música "Boulevard of Broken Dreams"?Green Day
38%
Quem canta a música "November Rain"?Guns n' Roses
35%
A marmelada é típica de que país?Portugal
35%
Quem canta a música "Feel Good, Inc."?Gorillaz
31%
Qual é a maior ilha do Mar Mediterrâneo?Sicília
27%
Chairo é uma sopa típica de que país?Bolívia
12%
O Pernichek é um bolo tradicional de que país?Bielorrússia
4%

Distribuição das Pontuações

Percentil de Números Respondidos

Porcentagem de Pessoas com Cada Pontuação

Sua Pontuação Histórica

Você não jogou esse quiz